000 00326nam a22001337a 4500
008 180109b xxu||||| |||| 00| 0 eng d
020 _a0824504836
041 _aeng
080 _a821
100 _a21
101 _aGJL
245 _aSacred Texts of the World/ A Universal Anthology
_cSmart, I & Hecht, R.D
942 _2udc
_cBK
999 _c39920
_d39920